| 000 | 01012cam a2200313 a 4500 | ||
|---|---|---|---|
| 001 | 000012082 | ||
| 005 | 20200929162704.0 | ||
| 008 | 500101s1988 sp 000 0 spa d | ||
| 020 | _a8485876911 (v.2) | ||
| 020 | _a8485876989 (v.1) | ||
| 020 | _a8485876997 (obra completa) | ||
| 035 | _aoxf990022420 | ||
| 040 |
_aDO-SdBNP _cDZM _dBNPHU |
||
| 041 | 1 | 7 |
_aspa _hita _2Código de idioma MARC |
| 082 |
_a291.61 _bH673m |
||
| 240 | 0 | 0 |
_aHistoire de Merlin _lEspañol |
| 245 | 0 | 0 |
_aHistoria de Merlín / _cedición, traducción Carlos Alvar. |
| 260 |
_aMadrid : _bSiruela, _c1988. |
||
| 300 |
_a2 v. ; _c24 cm. |
||
| 490 | 1 |
_aSelección de lecturas medievales _v29/30 |
|
| 500 | _aLa biblioteca posee el vol. 1. | ||
| 534 |
_aTítulo original: _tHistoria de Merlín. |
||
| 650 | 4 |
_aMagos _928529 |
|
| 650 | 4 |
_aLeyendas _919936 |
|
| 700 | 1 |
_aAlvar, Carlos, _eed., tr. _914659 |
|
| 830 | 0 |
_aSelección de lecturas medievales ; _v29/30. _928530 |
|
| 910 | _aCatalogación por copia / Oxford | ||
| 049 | _aBNGR | ||
| 999 |
_c11748 _d11748 |
||